| 000 | 00911nam a2200205 a 4500 | ||
|---|---|---|---|
| 999 |
_c2081 _d2081 |
||
| 001 | 10057 | ||
| 003 | BD-DhUAP | ||
| 005 | 20210128093417.0 | ||
| 008 | 200219s2003 bg a b 001 0 ben d | ||
| 040 |
_aDLC _cDLC _bBen _dBD-DhUAP |
||
| 082 | 0 | 0 |
_a346.54920432 VUM _223 |
| 245 | 1 | 0 | _aভূমি প্রশাসন ম্যানুয়াল। |
| 260 |
_aঢাকা : _bভূমি মন্ত্রণালয়, _cc২০০৩। |
||
| 300 |
_aখণ্ড : _bচিত্র ; _c২২ সেমি. |
||
| 505 | _aখণ্ড ১-প্রথম অধ্যায় থেকে সপ্তম অধ্যায়। | ||
| 650 | 0 |
_aLand tenure _xLaw and legislation _zBangladesh. |
|
| 710 |
_aগণপ্রজাতন্ত্রী বাংলাদেশ সরকার _bভূমি মন্ত্রণালয়। |
||
| 942 |
_2ddc _cBK |
||